000 00336nam a22001457a 4500
020 _a978-1-59979-188-4
082 _a900
_bEVA/F
100 _aEVANS, MIKE
245 _aTHE FINAL MOVE BEYOND IRAQ
250 _aFIRST EDITION
260 _aFLORIDA
_bFRONTLINE
_c2007
300 _a348
650 _aHISTORY REFERENCE
_zINDIA
942 _cBK
999 _c1621
_d1621